<?xml version="1.0" encoding="UTF-8"?>
<collection xmlns="http://www.loc.gov/MARC21/slim">
 <record>
  <leader>02215nam a2200325 a 4500</leader>
  <controlfield tag="001">1/49115</controlfield>
  <controlfield tag="008">191010s2017    gr       b    00010 gre  </controlfield>
  <datafield tag="020" ind1=" " ind2=" ">
   <subfield code="a">9789602672327</subfield>
  </datafield>
  <datafield tag="035" ind1=" " ind2=" ">
   <subfield code="l">52115</subfield>
  </datafield>
  <datafield tag="040" ind1=" " ind2=" ">
   <subfield code="a">GR-PeUP</subfield>
  </datafield>
  <datafield tag="082" ind1="0" ind2="0">
   <subfield code="a">281.949618 ΣΕΡ</subfield>
  </datafield>
  <datafield tag="100" ind1="1" ind2=" ">
   <subfield code="a">Σεραφείμ, Παύλος.</subfield>
  </datafield>
  <datafield tag="245" ind1="1" ind2="3">
   <subfield code="a">Το Οικουμενικό Πατριαρχείο στη δίνη του ψυχρού πολέμου :</subfield>
   <subfield code="b">η εκλογή του Πατριάρχη Αθηναγόρα (1948) /</subfield>
   <subfield code="c">Παύλος Σεραφείμ ; πρόλογος Ηλίας Κουσκουβέλης.</subfield>
  </datafield>
  <datafield tag="260" ind1="0" ind2=" ">
   <subfield code="a">Θεσσαλονίκη :</subfield>
   <subfield code="b">Μπαρμπουνάκη,</subfield>
   <subfield code="c">2017.</subfield>
  </datafield>
  <datafield tag="300" ind1=" " ind2=" ">
   <subfield code="a">247 σ. ;</subfield>
   <subfield code="c">24 εκ.</subfield>
  </datafield>
  <datafield tag="504" ind1=" " ind2=" ">
   <subfield code="a">Περιλαμβάνει βιβλιογραφικές παραπομπές (σ. [239]-247).</subfield>
  </datafield>
  <datafield tag="600" ind1="1" ind2="4">
   <subfield code="a">Αθηναγόρας, Α' Οικουμενικός Πατριάρχης Κωνσταντινουπόλεως, 1886-1972.</subfield>
  </datafield>
  <datafield tag="650" ind1=" " ind2="4">
   <subfield code="a">Χριστιανισμός και πολιτική</subfield>
   <subfield code="x">Ορθόδοξη Ανατολική Εκκλησία</subfield>
   <subfield code="x">Ιστορία</subfield>
   <subfield code="y">20ος αι.</subfield>
  </datafield>
  <datafield tag="650" ind1=" " ind2="4">
   <subfield code="a">Εκκλησία και κράτος</subfield>
   <subfield code="x">Ορθόδοξη Ανατολική Εκκλησία</subfield>
   <subfield code="x">Ιστορία</subfield>
   <subfield code="y">20ος αιώνας.</subfield>
  </datafield>
  <datafield tag="650" ind1=" " ind2="4">
   <subfield code="a">Πατριάρχες και Πατριαρχεία.</subfield>
  </datafield>
  <datafield tag="650" ind1=" " ind2="4">
   <subfield code="a">Ψυχρός Πόλεμος</subfield>
   <subfield code="x">Ιστορία.</subfield>
  </datafield>
  <datafield tag="650" ind1=" " ind2="4">
   <subfield code="a">Ψυχρός Πόλεμος</subfield>
   <subfield code="x">Θρησκευτικές απόψεις</subfield>
   <subfield code="x">Χριστιανισμός.</subfield>
  </datafield>
  <datafield tag="650" ind1=" " ind2="4">
   <subfield code="a">Christianity and politics</subfield>
   <subfield code="x">Orthodox Eastern Church</subfield>
   <subfield code="x">History</subfield>
   <subfield code="y">20th century.</subfield>
  </datafield>
  <datafield tag="650" ind1=" " ind2="4">
   <subfield code="a">Church and state</subfield>
   <subfield code="x">Orthodox Eastern Church</subfield>
   <subfield code="x">History</subfield>
   <subfield code="y">20th century.</subfield>
  </datafield>
  <datafield tag="650" ind1=" " ind2="4">
   <subfield code="a">Patriarchs and patriarchate</subfield>
   <subfield code="x">History.</subfield>
  </datafield>
  <datafield tag="651" ind1=" " ind2="4">
   <subfield code="a">Κωνσταντινούπολη (Οικουμενικό Πατριαρχείο)</subfield>
   <subfield code="x">Ιστορία</subfield>
   <subfield code="y">20ος αιώνας.</subfield>
  </datafield>
  <datafield tag="651" ind1=" " ind2="0">
   <subfield code="a">Constantinople (Turkey)</subfield>
   <subfield code="x">History</subfield>
   <subfield code="y">20th century.</subfield>
  </datafield>
  <datafield tag="700" ind1="1" ind2=" ">
   <subfield code="a">Κουσκουβέλης, Ηλίας Ι.</subfield>
  </datafield>
  <datafield tag="852" ind1=" " ind2=" ">
   <subfield code="a">INST</subfield>
   <subfield code="b">UNIPILB</subfield>
   <subfield code="c">MAIN</subfield>
   <subfield code="e">20191010</subfield>
   <subfield code="h">281.949618 ΣΕΡ</subfield>
   <subfield code="p">00181819</subfield>
   <subfield code="q">00181819</subfield>
   <subfield code="t">LOAN</subfield>
   <subfield code="y">0</subfield>
   <subfield code="4">2</subfield>
  </datafield>
  <datafield tag="852" ind1=" " ind2=" ">
   <subfield code="a">INST</subfield>
   <subfield code="b">UNIPILB</subfield>
   <subfield code="c">MAIN</subfield>
   <subfield code="e">20191010</subfield>
   <subfield code="h">281.949618 ΣΕΡ</subfield>
   <subfield code="p">00181820</subfield>
   <subfield code="q">00181820</subfield>
   <subfield code="t">LOAN</subfield>
   <subfield code="y">0</subfield>
   <subfield code="4">1</subfield>
  </datafield>
 </record>
</collection>
